000 01387nam a2200325Ia 4500
001 ebr10559072
003 CaPaEBR
006 m u
007 cr cn|||||||||
008 080711s2009 onca sb 001 0 eng d
020 _z0773534164
020 _z9780773534162
020 _z9780773577244
040 _aCaPaEBR
_cCaPaEBR
035 _a(OCoLC)759157045
050 1 4 _aLE3.Y6
_bH67 2009eb
100 1 _aHorn, Michiel,
_d1939-
245 1 0 _aYork University
_h[electronic resource] :
_bthe way must be tried /
_cMichiel Horn ; colour photography by Vincenzo Pietropaolo.
260 _aMontreal ;
_aIthaca :
_bPublished for York University by McGill-Queen's University Press,
_cc2009.
300 _axi, 315 p. :
_bill. (some col.)
504 _aIncludes bibliographical references and index.
533 _aElectronic reproduction.
_bPalo Alto, Calif. :
_cebrary,
_d2011.
_nAvailable via World Wide Web.
_nAccess may be limited to ebrary affiliated libraries.
610 2 0 _aYork University (Toronto, Ont.)
_xHistory.
650 0 _aUniversities and colleges
_zOntario
_zToronto
_xHistory.
655 7 _aElectronic books.
_2local
700 1 _aPietropaolo, Vincenzo.
710 2 _aebrary, Inc.
710 2 _aYork University (Toronto, Ont.)
856 4 0 _uhttp://site.ebrary.com/lib/rucke/Doc?id=10559072
_zAn electronic book accessible through the World Wide Web; click to view
999 _c88862
_d88862